Marki samochodów #1 - Statystyki

Ogólne statystyki
  • Ten quiz został rozwiązany 508 razy
  • Średni wynik to 11 z 14
Odpowiedzi na mapie
Odpowiedzi zakodowano w zielono-czerwonej skali na mapie do tego quizu, zgodnie z poniższymi procentami.
 
Statystyki odpowiedzi
Odpowiedź % Poprawnych
Jaguar
87%
Bugatti
84%
Mazda
84%
Rolls-Royse
83%
Toyota
81%
Hyundai
80%
Suzuki
80%
Honda
79%
Mitsubishi
78%
Subaru
77%
Maserati
72%
Dodge
71%
Buick
66%
Cadillac
65%
Nie znaleziono quizów pasujących do podanych kryteriów
Rozkład punktacji
Procent ludzi z każdym wynikiem
Percentyl według liczby udzielonych odpowiedzi
Twoja historia wyników
Nie rozwiązałeś tego quizu